[Event "ODJM C 2024"]
[Site "Willingen GER"]
[Date "2024.05.24"]
[Round "8"]
[White "Bharathula, Agasthya"]
[Black "Michaelis, Leon"]
[Result "0-1"]
[Termination "normal"]
[Board "31"]
[WhiteElo "1142"]
[BlackElo "917"]
[WhiteClock "01:33:18"]
[BlackClock "01:22:42"]
[PlyCount "140"]
[WhiteFideId "34641785"]
[BlackFideId "34660542"]
[EventCountry "GER"]
[EventRounds "9"]
[EventType "swiss"]
[EventDate "2024.05.18"]

1. e4 {[%clk 01:30:57]} {[%emt 00:00:02]} e5 {[%clk 01:30:55]} {[%emt
00:00:05]} 2. Nc3 {[%clk 01:31:21]} {[%emt 00:00:06]} Nf6 {[%clk 01:31:18]}
{[%emt 00:00:07]} 3. Bc4 {[%clk 01:31:46]} {[%emt 00:00:05]} Bc5 {[%clk
01:31:29]} {[%emt 00:00:19]} 4. d3 {[%clk 01:32:08]} {[%emt 00:00:08]} O-O
{[%clk 01:31:06]} {[%emt 00:00:53]} 5. h3 {[%clk 01:32:23]} {[%emt 00:00:15]}
c6 {[%clk 01:31:24]} {[%emt 00:00:12]} 6. Nf3 {[%clk 01:32:38]} {[%emt
00:00:15]} d6 {[%clk 01:31:35]} {[%emt 00:00:20]} 7. Be3 {[%clk 01:32:40]}
{[%emt 00:00:28]} Bb6 {[%clk 01:31:55]} {[%emt 00:00:10]} 8. O-O {[%clk
01:32:51]} {[%emt 00:00:18]} Be6 {[%clk 01:31:42]} {[%emt 00:00:42]} 9. Bb3
{[%clk 01:33:01]} {[%emt 00:00:21]} d5 {[%clk 01:31:20]} {[%emt 00:00:52]} 10.
Bxb6 {[%clk 01:32:48]} {[%emt 00:00:43]} axb6 {[%clk 01:31:34]} {[%emt
00:00:16]} 11. exd5 {[%clk 01:33:03]} {[%emt 00:00:16]} cxd5 {[%clk 01:31:41]}
{[%emt 00:00:23]} 12. Nxe5 {[%clk 01:33:17]} {[%emt 00:00:16]} Nc6 {[%clk
01:31:26]} {[%emt 00:00:44]} 13. Nf3 {[%clk 01:33:25]} {[%emt 00:00:21]} Re8
{[%clk 01:31:00]} {[%emt 00:00:57]} 14. Re1 {[%clk 01:33:08]} {[%emt 00:00:47]}
Qd7 {[%clk 01:30:47]} {[%emt 00:00:42]} 15. Qd2 {[%clk 01:33:08]} {[%emt
00:00:30]} Bxh3 {[%clk 01:30:25]} {[%emt 00:00:52]} 16. Qg5 {[%clk 01:31:50]}
{[%emt 00:01:48]} Bg4 {[%clk 01:30:06]} {[%emt 00:00:49]} 17. Nxd5 {[%clk
01:31:18]} {[%emt 00:01:02]} Nxd5 {[%clk 01:29:44]} {[%emt 00:00:52]} 18. Qxd5
{[%clk 01:31:26]} {[%emt 00:00:22]} Qxd5 {[%clk 01:29:45]} {[%emt 00:00:29]}
19. Bxd5 {[%clk 01:31:48]} {[%emt 00:00:08]} Bxf3 {[%clk 01:27:57]} {[%emt
00:02:18]} 20. Bxf3 {[%clk 01:32:09]} {[%emt 00:00:09]} g6 {[%clk 01:26:24]}
{[%emt 00:02:03]} 21. Kf1 {[%clk 01:31:50]} {[%emt 00:00:49]} Rab8 {[%clk
01:24:44]} {[%emt 00:02:10]} 22. Rxe8+ {[%clk 01:32:13]} {[%emt 00:00:07]} Rxe8
{[%clk 01:25:00]} {[%emt 00:00:14]} 23. Re1 {[%clk 01:32:33]} {[%emt 00:00:10]}
Ra8 {[%clk 01:24:31]} {[%emt 00:00:59]} 24. a3 {[%clk 01:32:47]} {[%emt
00:00:17]} Rb8 {[%clk 01:23:52]} {[%emt 00:01:08]} 25. Bxc6 {[%clk 01:32:56]}
{[%emt 00:00:21]} bxc6 {[%clk 01:24:15]} {[%emt 00:00:07]} 26. Re7 {[%clk
01:33:18]} {[%emt 00:00:09]} Kg7 {[%clk 01:22:42]} {[%emt 00:02:02]} 27. Rc7
{[%clk 01:33:35]} {[%emt 00:00:13]} c5 {[%clk 01:22:46]} {[%emt 00:00:27]} 28.
Rd7 {[%clk 01:33:42]} {[%emt 00:00:24]} Kf6 {[%clk 01:21:25]} {[%emt 00:01:50]}
29. Ke2 {[%clk 01:32:35]} {[%emt 00:01:38]} Ke6 {[%clk 01:21:17]} {[%emt
00:00:37]} 30. Rc7 {[%clk 01:32:49]} {[%emt 00:00:17]} h6 {[%clk 01:21:17]}
{[%emt 00:00:29]} 31. Rc6+ {[%clk 01:32:54]} {[%emt 00:00:26]} Kd7 {[%clk
01:20:48]} {[%emt 00:00:59]} 32. Rf6 {[%clk 01:33:16]} {[%emt 00:00:08]} Ke7
{[%clk 01:20:54]} {[%emt 00:00:25]} 33. Rf4 {[%clk 01:33:35]} {[%emt 00:00:11]}
g5 {[%clk 01:20:04]} {[%emt 00:01:20]} 34. Re4+ {[%clk 01:33:54]} {[%emt
00:00:10]} Kf6 {[%clk 01:20:26]} {[%emt 00:00:07]} 35. d4 {[%clk 01:34:11]}
{[%emt 00:00:15]} Kf5 {[%clk 01:19:41]} {[%emt 00:01:15]} 36. Ke3 {[%clk
01:34:13]} {[%emt 00:00:28]} cxd4+ {[%clk 01:19:31]} {[%emt 00:00:40]} 37. Rxd4
{[%clk 01:34:21]} {[%emt 00:00:21]} Re8+ {[%clk 01:19:47]} {[%emt 00:00:14]}
38. Kd2 {[%clk 01:34:45]} {[%emt 00:00:06]} Re6 {[%clk 01:19:46]} {[%emt
00:00:31]} 39. c4 {[%clk 01:34:32]} {[%emt 00:00:43]} h5 {[%clk 01:19:33]}
{[%emt 00:00:43]} 40. Rd7 {[%clk 01:34:13]} {[%emt 00:00:50]} f6 {[%clk
01:19:51]} {[%emt 00:00:11]} 41. Rb7 {[%clk 01:34:18]} {[%emt 00:00:26]} g4
{[%clk 01:19:57]} {[%emt 00:00:24]} 42. Rh7 {[%clk 01:34:28]} {[%emt 00:00:19]}
Kg5 {[%clk 01:20:13]} {[%emt 00:00:14]} 43. b4 {[%clk 01:32:27]} {[%emt
00:02:32]} Re5 {[%clk 01:19:32]} {[%emt 00:01:09]} 44. Rc7 {[%clk 01:32:38]}
{[%emt 00:00:20]} h4 {[%clk 01:19:23]} {[%emt 00:00:39]} 45. c5 {[%clk
01:32:49]} {[%emt 00:00:19]} bxc5 {[%clk 01:19:17]} {[%emt 00:00:37]} 46. Rxc5
{[%clk 01:33:01]} {[%emt 00:00:17]} h3 {[%clk 01:19:04]} {[%emt 00:00:42]} 47.
Rc1 {[%clk 01:32:46]} {[%emt 00:00:46]} Kh4 {[%clk 01:19:11]} {[%emt 00:00:23]}
48. gxh3 {[%emt 00:00:25]} gxh3 {[%clk 01:19:35]} 49. Rc4+ {[%clk 01:32:57]}
{[%emt 00:00:29]} Kg5 {[%clk 01:19:59]} {[%emt 00:00:06]} 50. Rc3 {[%clk
01:33:05]} {[%emt 00:00:23]} Kg4 {[%clk 01:20:06]} {[%emt 00:00:22]} 51. f3+
{[%clk 01:33:23]} {[%emt 00:00:12]} Kf4 {[%clk 01:20:30]} {[%emt 00:00:06]} 52.
b5 {[%clk 01:32:50]} {[%emt 00:01:04]} h2 {[%clk 01:20:21]} {[%emt 00:00:38]}
53. Rc1 {[%clk 01:32:58]} {[%emt 00:00:22]} Rxb5 {[%clk 01:20:05]} {[%emt
00:00:46]} 54. Kd3 {[%emt 00:01:18]} Rb3+ {[%clk 01:20:13]} 55. Kd4 {[%clk
01:32:53]} {[%emt 00:00:08]} Rxa3 {[%clk 01:20:35]} {[%emt 00:00:08]} 56. Kd5
{[%clk 01:32:33]} {[%emt 00:00:51]} Rxf3 {[%clk 01:20:08]} {[%emt 00:00:56]}
57. Ke6 {[%clk 01:31:57]} {[%emt 00:01:07]} Kg3 {[%clk 01:20:21]} {[%emt
00:00:16]} 58. Ra1 {[%clk 01:31:59]} {[%emt 00:00:28]} Kg2 {[%clk 01:20:43]}
{[%emt 00:00:08]} 59. Ra2+ {[%clk 01:32:14]} {[%emt 00:00:15]} Rf2 {[%clk
01:21:10]} {[%emt 00:00:02]} 60. Ra1 {[%clk 01:32:37]} {[%emt 00:00:08]} Rf1
{[%clk 01:21:10]} {[%emt 00:00:29]} 61. Ra2+ {[%clk 01:33:02]} {[%emt
00:00:06]} Kg1 {[%clk 01:21:24]} {[%emt 00:01:45]} 62. Ra8 {[%clk 01:32:05]}
{[%emt 00:01:27]} h1=Q {[%clk 01:21:28]} {[%emt 00:00:16]} 63. Rg8+ {[%clk
01:32:30]} {[%emt 00:00:14]} Kf2 {[%clk 01:21:50]} {[%emt 00:00:07]} 64. Kxf6
{[%clk 01:32:47]} {[%emt 00:00:15]} Ke2+ {[%clk 01:21:41]} {[%emt 00:00:38]}
65. Ke5 {[%clk 01:33:12]} {[%emt 00:00:38]} Qh5+ {[%clk 01:21:45]} {[%emt
00:00:52]} 66. Kd6 {[%clk 01:32:42]} {[%emt 00:01:02]} Rf6+ {[%clk 01:21:45]}
{[%emt 00:00:30]} 67. Ke7 {[%clk 01:32:53]} {[%emt 00:00:20]} Qf7+ {[%clk
01:22:07]} {[%emt 00:00:08]} 68. Kd8 {[%clk 01:33:12]} {[%emt 00:00:11]} Qxg8+
{[%clk 01:22:33]} {[%emt 00:00:03]} 69. Ke7 {[%clk 01:33:16]} {[%emt 00:00:26]}
Qg7+ {[%clk 01:22:49]} {[%emt 00:00:14]} 70. Ke8 {[%clk 01:33:18]} {[%emt
00:00:29]} Rf8# {[%clk 01:22:42]} {[%emt 00:00:06]} 0-1

[Event "ODJM C 2024"]
[Site "Willingen GER"]
[Date "2024.05.24"]
[Round "8"]
[White "Hantke, Florian"]
[Black "Hempel, Christian"]
[Result "1-0"]
[Termination "normal"]
[Board "32"]
[WhiteElo "1106"]
[BlackElo "859"]
[WhiteClock "00:48:23"]
[BlackClock "01:17:01"]
[PlyCount "47"]
[WhiteFideId "34638962"]
[BlackFideId "34660470"]
[EventCountry "GER"]
[EventRounds "9"]
[EventType "swiss"]
[EventDate "2024.05.18"]

1. e4 {[%clk 01:30:09]} {[%emt 00:00:50]} e6 {[%clk 01:30:44]} {[%emt
00:00:18]} 2. d4 {[%clk 01:29:57]} {[%emt 00:00:41]} d5 {[%clk 01:30:49]}
{[%emt 00:00:25]} 3. exd5 {[%clk 01:29:57]} {[%emt 00:00:30]} exd5 {[%clk
01:31:00]} {[%emt 00:00:19]} 4. c4 {[%clk 01:26:46]} {[%emt 00:03:40]} Nf6
{[%clk 01:31:04]} {[%emt 00:00:27]} 5. Nc3 {[%clk 01:26:07]} {[%emt 00:01:09]}
c6 {[%clk 01:29:44]} {[%emt 00:01:50]} 6. Bg5 {[%clk 01:18:59]} {[%emt
00:07:36]} Be7 {[%clk 01:29:11]} {[%emt 00:01:04]} 7. Nf3 {[%clk 01:16:23]}
{[%emt 00:03:06]} Bg4 {[%clk 01:28:11]} {[%emt 00:01:30]} 8. h3 {[%clk
01:13:55]} {[%emt 00:02:58]} Bf5 {[%clk 01:26:22]} {[%emt 00:02:19]} 9. cxd5
{[%clk 01:11:19]} {[%emt 00:03:06]} cxd5 {[%clk 01:26:05]} {[%emt 00:00:48]}
10. Bb5+ {[%clk 01:05:40]} {[%emt 00:06:09]} Nc6 {[%clk 01:25:50]} {[%emt
00:00:44]} 11. O-O {[%clk 01:01:42]} {[%emt 00:04:28]} O-O {[%clk 01:25:32]}
{[%emt 00:00:49]} 12. Re1 {[%clk 00:58:49]} {[%emt 00:03:23]} a6 {[%clk
01:25:32]} {[%emt 00:00:30]} 13. Bd3 {[%clk 00:55:05]} {[%emt 00:04:13]} Bxd3
{[%clk 01:25:42]} {[%emt 00:00:19]} 14. Qxd3 {[%clk 00:55:27]} {[%emt
00:00:09]} Qb6 {[%clk 01:25:18]} {[%emt 00:00:54]} 15. Rab1 {[%clk 00:54:38]}
{[%emt 00:01:18]} Rfe8 {[%clk 01:23:31]} {[%emt 00:02:18]} 16. Bxf6 {[%clk
00:48:55]} {[%emt 00:06:13]} Bxf6 {[%clk 01:23:36]} {[%emt 00:00:26]} 17. Nxd5
{[%clk 00:49:17]} {[%emt 00:00:09]} Qd8 {[%clk 01:22:48]} {[%emt 00:01:18]} 18.
Rxe8+ {[%clk 00:49:24]} {[%emt 00:00:23]} Qxe8 {[%clk 01:22:54]} {[%emt
00:00:24]} 19. Nc7 {[%clk 00:49:41]} {[%emt 00:00:13]} Qb8 {[%clk 01:22:04]}
{[%emt 00:01:20]} 20. Nxa8 {[%clk 00:49:47]} {[%emt 00:00:24]} Qxa8 {[%clk
01:22:32]} {[%emt 00:00:02]} 21. d5 {[%clk 00:49:23]} {[%emt 00:00:54]} Nb4
{[%clk 01:22:10]} {[%emt 00:00:53]} 22. Qc4 {[%clk 00:49:24]} {[%emt 00:00:29]}
Be7 {[%clk 01:18:37]} {[%emt 00:04:03]} 23. Rc1 {[%clk 00:48:45]} {[%emt
00:01:09]} Nxa2 {[%clk 01:17:01]} {[%emt 00:02:06]} 24. Qxa2 {[%clk 00:48:23]}
{[%emt 00:00:53]} 1-0

[Event "ODJM C 2024"]
[Site "Willingen GER"]
[Date "2024.05.24"]
[Round "8"]
[White "Ly, Lina"]
[Black "Giss, Annika"]
[Result "0-1"]
[Termination "normal"]
[Board "34"]
[WhiteElo "863"]
[BlackElo "1642"]
[WhiteClock "00:46:53"]
[BlackClock "01:19:25"]
[PlyCount "118"]
[WhiteFideId "34625070"]
[BlackFideId "34673148"]
[EventCountry "GER"]
[EventRounds "9"]
[EventType "swiss"]
[EventDate "2024.05.18"]

1. e4 {[%clk 01:30:58]} {[%emt 00:00:02]} c5 {[%clk 01:30:52]} {[%emt
00:00:08]} 2. Nf3 {[%clk 01:31:20]} {[%emt 00:00:09]} Nf6 {[%clk 01:31:08]}
{[%emt 00:00:13]} 3. Nc3 {[%clk 01:31:17]} {[%emt 00:00:33]} d6 {[%clk
01:31:29]} {[%emt 00:00:09]} 4. h3 {[%clk 01:30:47]} {[%emt 00:01:01]} e6
{[%clk 01:31:44]} {[%emt 00:00:15]} 5. d3 {[%clk 01:29:27]} {[%emt 00:01:50]}
Nc6 {[%clk 01:31:54]} {[%emt 00:00:19]} 6. d4 {[%clk 01:29:25]} {[%emt
00:00:33]} cxd4 {[%clk 01:32:11]} {[%emt 00:00:12]} 7. Nxd4 {[%clk 01:29:49]}
{[%emt 00:00:06]} Bd7 {[%clk 01:32:29]} {[%emt 00:00:11]} 8. Bc4 {[%clk
01:28:27]} {[%emt 00:01:54]} Be7 {[%clk 01:32:40]} {[%emt 00:00:18]} 9. f3
{[%clk 01:22:44]} {[%emt 00:06:14]} a6 {[%clk 01:32:42]} {[%emt 00:00:28]} 10.
Be3 {[%clk 01:21:39]} {[%emt 00:01:34]} b5 {[%clk 01:32:48]} {[%emt 00:00:24]}
11. Bd3 {[%clk 01:17:29]} {[%emt 00:04:40]} Qc7 {[%clk 01:32:13]} {[%emt
00:01:05]} 12. Qd2 {[%clk 01:15:23]} {[%emt 00:02:35]} b4 {[%clk 01:29:51]}
{[%emt 00:02:53]} 13. Nce2 {[%clk 01:14:04]} {[%emt 00:01:49]} d5 {[%clk
01:25:18]} {[%emt 00:05:04]} 14. O-O {[%clk 01:10:16]} {[%emt 00:04:17]} Ne5
{[%clk 01:23:06]} {[%emt 00:02:42]} 15. Bf4 {[%clk 01:05:12]} {[%emt 00:05:35]}
Nh5 {[%clk 01:20:17]} {[%emt 00:03:18]} 16. Rac1 {[%clk 01:02:13]} {[%emt
00:03:26]} Nxf4 {[%clk 01:19:26]} {[%emt 00:01:24]} 17. Qxf4 {[%clk 01:01:36]}
{[%emt 00:01:07]} Bd6 {[%clk 01:19:29]} {[%emt 00:00:26]} 18. Qg3 {[%clk
00:56:58]} {[%emt 00:05:07]} Nxd3 {[%clk 01:18:44]} {[%emt 00:01:17]} 19. Qxg7
{[%clk 00:55:24]} {[%emt 00:02:03]} Be5 {[%clk 01:18:04]} {[%emt 00:01:11]} 20.
cxd3 {[%clk 00:55:23]} {[%emt 00:00:31]} Qxc1 {[%clk 01:15:39]} {[%emt
00:02:55]} 21. Rxc1 {[%clk 00:55:41]} {[%emt 00:00:12]} Bxg7 {[%clk 01:15:58]}
{[%emt 00:00:10]} 22. Rc2 {[%clk 00:49:27]} {[%emt 00:06:45]} O-O {[%clk
01:15:55]} {[%emt 00:00:33]} 23. Rd2 {[%clk 00:43:34]} {[%emt 00:06:23]} Rac8
{[%clk 01:15:40]} {[%emt 00:00:45]} 24. f4 {[%clk 00:42:52]} {[%emt 00:01:12]}
Bxd4+ {[%clk 01:15:16]} {[%emt 00:00:54]} 25. Nxd4 {[%clk 00:43:12]} {[%emt
00:00:10]} f6 {[%clk 01:15:08]} {[%emt 00:00:38]} 26. f5 {[%clk 00:43:11]}
{[%emt 00:00:32]} exf5 {[%clk 01:15:13]} {[%emt 00:00:24]} 27. exf5 {[%clk
00:43:35]} {[%emt 00:00:06]} Rc7 {[%clk 01:14:57]} {[%emt 00:00:46]} 28. Re2
{[%clk 00:43:09]} {[%emt 00:00:56]} Re8 {[%clk 01:14:53]} {[%emt 00:00:34]} 29.
Rxe8+ {[%clk 00:42:41]} {[%emt 00:00:58]} Bxe8 {[%clk 01:15:10]} {[%emt
00:00:12]} 30. Ne6 {[%clk 00:42:49]} {[%emt 00:00:23]} Rc2 {[%clk 01:14:44]}
{[%emt 00:00:56]} 31. a3 {[%clk 00:41:39]} {[%emt 00:01:41]} bxa3 {[%clk
01:14:41]} {[%emt 00:00:33]} 32. bxa3 {[%clk 00:42:03]} {[%emt 00:00:05]} Ra2
{[%clk 01:15:05]} {[%emt 00:00:06]} 33. Nc7 {[%clk 00:42:11]} {[%emt 00:00:22]}
Bf7 {[%clk 01:15:19]} {[%emt 00:00:16]} 34. Nxa6 {[%clk 00:42:19]} {[%emt
00:00:22]} Rxa3 {[%clk 01:15:34]} {[%emt 00:00:16]} 35. Nb4 {[%clk 00:42:13]}
{[%emt 00:00:35]} Rb3 {[%clk 01:15:46]} {[%emt 00:00:18]} 36. Nc6 {[%clk
00:42:31]} {[%emt 00:00:13]} Kf8 {[%clk 01:15:55]} {[%emt 00:00:21]} 37. d4
{[%clk 00:42:42]} {[%emt 00:00:19]} Rb1+ {[%clk 01:15:02]} {[%emt 00:01:23]}
38. Kf2 {[%clk 00:42:21]} {[%emt 00:00:51]} Rc1 {[%clk 01:15:13]} {[%emt
00:00:18]} 39. Nb4 {[%clk 00:42:25]} {[%emt 00:00:26]} Rc4 {[%clk 01:15:30]}
{[%emt 00:00:14]} 40. Nxd5 {[%clk 00:42:21]} {[%emt 00:00:33]} Bxd5 {[%clk
01:15:47]} {[%emt 00:00:13]} 41. g4 {[%clk 00:42:34]} {[%emt 00:00:17]} Rxd4
{[%clk 01:15:55]} {[%emt 00:00:22]} 42. Ke3 {[%clk 00:42:56]} {[%emt 00:00:09]}
Ra4 {[%clk 01:15:46]} {[%emt 00:00:38]} 43. Kf2 {[%clk 00:43:15]} {[%emt
00:00:12]} Ra3 {[%clk 01:15:51]} {[%emt 00:00:25]} 44. h4 {[%clk 00:43:34]}
{[%emt 00:00:11]} Rh3 {[%clk 01:15:42]} {[%emt 00:00:39]} 45. g5 {[%clk
00:43:48]} {[%emt 00:00:15]} fxg5 {[%clk 01:15:40]} {[%emt 00:00:31]} 46. hxg5
{[%clk 00:44:14]} {[%emt 00:00:05]} Rf3+ {[%clk 01:15:28]} {[%emt 00:00:41]}
47. Kg1 {[%clk 00:44:13]} {[%emt 00:00:32]} Rxf5 {[%clk 01:15:51]} {[%emt
00:00:07]} 48. Kh2 {[%clk 00:44:30]} {[%emt 00:00:13]} Rxg5 {[%clk 01:16:04]}
{[%emt 00:00:16]} 49. Kh3 {[%clk 00:44:49]} {[%emt 00:00:11]} Kf7 {[%clk
01:16:27]} {[%emt 00:00:08]} 50. Kh4 {[%clk 00:45:09]} {[%emt 00:00:11]} Kf6
{[%clk 01:16:41]} {[%emt 00:00:15]} 51. Kh3 {[%clk 00:45:24]} {[%emt 00:00:15]}
Bf7 {[%clk 01:17:00]} {[%emt 00:00:11]} 52. Kh2 {[%clk 00:45:44]} {[%emt
00:00:10]} Rg4 {[%clk 01:17:10]} {[%emt 00:00:20]} 53. Kh3 {[%clk 00:45:59]}
{[%emt 00:00:15]} Kf5 {[%clk 01:17:34]} {[%emt 00:00:06]} 54. Kh2 {[%clk
00:46:22]} {[%emt 00:00:07]} Kf4 {[%clk 01:17:57]} {[%emt 00:00:07]} 55. Kh3
{[%clk 00:46:37]} {[%emt 00:00:16]} Kf3 {[%clk 01:18:21]} {[%emt 00:00:05]} 56.
Kh2 {[%clk 00:46:57]} {[%emt 00:00:10]} Rg3 {[%clk 01:18:19]} {[%emt 00:00:32]}
57. Kh1 {[%clk 00:47:11]} {[%emt 00:00:16]} Kf2 {[%clk 01:18:40]} {[%emt
00:00:08]} 58. Kh2 {[%clk 00:47:18]} {[%emt 00:00:24]} Ra3 {[%clk 01:18:59]}
{[%emt 00:00:11]} 59. Kh1 {[%clk 00:46:53]} {[%emt 00:00:55]} Rh3+ {[%clk
01:19:25]} {[%emt 00:00:03]} 0-1

[Event "ODJM C 2024"]
[Site "Willingen GER"]
[Date "2024.05.24"]
[Round "8"]
[White "Muhl, Jakob"]
[Black "Eßers, Mathilda Marie"]
[Result "1/2-1/2"]
[Termination "normal"]
[Board "35"]
[WhiteElo "1043"]
[BlackElo "923"]
[WhiteClock "00:29:12"]
[BlackClock "00:46:49"]
[PlyCount "69"]
[WhiteFideId "34635181"]
[BlackFideId "34684093"]
[EventCountry "GER"]
[EventRounds "9"]
[EventType "swiss"]
[EventDate "2024.05.18"]

1. e4 {[%clk 01:30:57]} {[%emt 00:00:54]} c5 {[%clk 01:30:52]} 2. Nf3 {[%clk
01:31:17]} e6 {[%clk 01:31:05]} 3. d4 {[%clk 01:31:27]} cxd4 {[%clk 01:31:17]}
4. Nxd4 {[%clk 01:31:47]} Nc6 {[%clk 01:31:29]} 5. Nc3 {[%clk 01:32:02]} Qc7
{[%clk 01:29:54]} 6. Be2 {[%clk 01:30:34]} a6 {[%clk 01:29:20]} 7. Be3 {[%clk
01:29:39]} Be7 {[%clk 01:27:18]} 8. O-O {[%clk 01:28:56]} Nf6 {[%clk 01:26:43]}
9. Qd2 {[%clk 01:26:02]} O-O {[%clk 01:26:19]} 10. Rad1 {[%clk 01:23:59]} d6
{[%clk 01:26:22]} 11. Qc1 {[%clk 01:21:31]} Bd7 {[%clk 01:22:47]} 12. Nf3
{[%clk 01:17:33]} b5 {[%clk 01:21:34]} 13. a3 {[%clk 01:13:49]} b4 {[%clk
01:19:07]} 14. axb4 {[%clk 01:12:31]} Nxb4 {[%clk 01:18:07]} 15. Bf4 {[%clk
01:05:37]} e5 {[%clk 01:09:09]} 16. Bg5 {[%clk 01:05:00]} h6 {[%clk 01:08:19]}
17. Bxf6 {[%clk 01:04:24]} Bxf6 {[%clk 01:08:32]} 18. Nd5 {[%clk 01:02:20]}
Nxd5 {[%clk 01:08:38]} 19. exd5 {[%clk 01:02:02]} Rfb8 {[%clk 01:06:26]} 20.
Rfe1 {[%clk 00:58:07]} e4 {[%clk 01:06:09]} 21. Nd4 {[%clk 00:57:23]} Rb7
{[%clk 01:01:58]} 22. f3 {[%clk 00:52:41]} Qc5 {[%clk 00:59:38]} 23. c3 {[%clk
00:49:59]} a5 {[%clk 00:58:40]} 24. fxe4 {[%clk 00:47:29]} a4 {[%clk 00:57:18]}
25. Qd2 {[%clk 00:44:20]} Bg5 {[%clk 00:57:17]} 26. Qc2 {[%clk 00:43:07]} Be3+
{[%clk 00:57:08]} 27. Kh1 {[%clk 00:42:52]} Bxd4 {[%clk 00:57:06]} 28. Rxd4
{[%clk 00:42:37]} Rc7 {[%clk 00:56:20]} 29. Rc4 {[%clk 00:41:21]} Qb6 {[%clk
00:53:33]} 30. Rxc7 {[%clk 00:41:00]} Qxc7 {[%clk 00:53:50]} 31. Rf1 {[%clk
00:38:23]} a3 {[%clk 00:51:16]} 32. bxa3 {[%clk 00:38:04]} Rxa3 {[%clk
00:51:07]} 33. Rc1 {[%clk 00:36:54]} Qa5 {[%clk 00:48:24]} 34. Qb2 {[%clk
00:36:04]} Qa7 {[%clk 00:46:49]} 35. Qd2 {[%clk 00:29:12]} {[%emt 00:06:26]}
1/2-1/2

[Event "ODJM C 2024"]
[Site "Willingen GER"]
[Date "2024.05.24"]
[Round "8"]
[White "Neumann, Viktoria"]
[Black "Rafikov, Artur"]
[Result "0-1"]
[Termination "normal"]
[Board "36"]
[WhiteElo "769"]
[BlackElo "1021"]
[WhiteClock "01:00:40"]
[BlackClock "00:27:44"]
[PlyCount "100"]
[WhiteFideId "34697292"]
[BlackFideId "34642676"]
[EventCountry "GER"]
[EventRounds "9"]
[EventType "swiss"]
[EventDate "2024.05.18"]

1. d4 {[%clk 01:30:57]} {[%emt 00:03:18]} c5 {[%clk 01:30:54]} 2. d5 {[%clk
01:31:14]} Nf6 {[%clk 01:31:08]} 3. c4 {[%clk 01:31:15]} d6 {[%clk 01:30:11]}
4. Nc3 {[%clk 01:31:27]} Bf5 {[%clk 01:29:38]} 5. Nf3 {[%clk 01:30:50]} Nbd7
{[%clk 01:28:41]} 6. Nd2 {[%clk 01:30:14]} g6 {[%clk 01:27:57]} 7. e4 {[%clk
01:30:18]} Bg4 {[%clk 01:26:17]} 8. f3 {[%clk 01:29:54]} Bh5 {[%clk 01:23:26]}
9. g4 {[%clk 01:29:00]} Bxg4 {[%clk 01:21:57]} 10. fxg4 {[%clk 01:29:17]} h5
{[%clk 01:20:58]} 11. g5 {[%clk 01:29:29]} Nh7 {[%clk 01:20:57]} 12. Nf3 {[%clk
01:29:36]} f6 13. Bg2 {[%clk 01:25:55]} fxg5 {[%clk 01:17:33]} 14. Nxg5 {[%clk
01:26:02]} Nxg5 {[%clk 01:15:56]} 15. Bxg5 {[%clk 01:26:16]} Qb6 {[%clk
01:15:11]} 16. Qc2 {[%clk 01:26:19]} Bg7 {[%clk 01:12:00]} 17. Rf1 {[%clk
01:25:11]} Ne5 {[%clk 01:10:31]} 18. b3 {[%clk 01:24:57]} Nd7 {[%clk 01:09:32]}
19. O-O-O {[%clk 01:23:28]} Nf6 {[%clk 01:06:01]} 20. Bf4 {[%clk 01:23:04]}
O-O-O {[%clk 01:05:35]} 21. e5 {[%clk 01:23:02]} Nd7 {[%clk 01:04:18]} 22. e6
{[%clk 01:23:15]} Nb8 {[%clk 01:03:30]} 23. Bd2 {[%clk 01:23:07]} Na6 {[%clk
01:02:49]} 24. Qxg6 Bf6 {[%clk 01:01:32]} 25. Na4 {[%clk 01:21:57]} Qc7 {[%clk
01:01:03]} 26. Bf3 {[%clk 01:21:25]} Rdg8 {[%clk 01:00:23]} 27. Qf5 {[%clk
01:21:21]} h4 {[%clk 00:59:36]} 28. Bc3 {[%clk 01:19:08]} Bxc3 {[%clk
00:59:00]} 29. Nxc3 {[%clk 01:19:27]} Rg7 {[%clk 00:58:39]} 30. Na4 {[%clk
01:17:24]} Rgh7 31. h3 {[%clk 01:17:35]} Qd8 {[%clk 00:58:53]} 32. Be4 {[%clk
01:17:31]} Rh6 {[%clk 00:58:33]} 33. Qf2 {[%clk 01:16:03]} b6 {[%clk 00:58:30]}
34. Qb2 {[%clk 01:15:43]} Kb7 {[%clk 00:58:40]} 35. a3 {[%clk 01:15:05]} Qg8
{[%clk 00:56:14]} 36. b4 {[%clk 01:14:29]} cxb4 {[%clk 00:53:14]} 37. axb4
{[%clk 01:14:45]} Qg3 {[%clk 00:52:36]} 38. Rh1 {[%clk 01:14:39]} Qe3+ {[%clk
00:52:18]} 39. Qd2 {[%clk 01:12:49]} Qxe4 {[%clk 00:50:38]} 40. Nb2 {[%clk
01:11:59]} Qf3 {[%clk 00:48:10]} 41. Rdf1 {[%clk 01:10:52]} Qa3 {[%clk
00:45:07]} 42. b5 {[%clk 01:10:41]} Nb4 {[%clk 00:44:31]} 43. Qg5 {[%clk
01:09:20]} R6h7 {[%clk 00:39:51]} 44. Qg2 {[%clk 01:05:41]} Nd3+ {[%clk
00:37:55]} 45. Kb1 {[%clk 01:03:18]} Rg7 {[%clk 00:34:34]} 46. Qe2 Qb4 {[%clk
00:28:56]} {[%emt 00:02:46]} 47. Qxd3 {[%clk 01:02:11]} {[%emt 00:00:57]} Rg2
{[%clk 00:27:44]} {[%emt 00:01:40]} 48. Kc1 {[%clk 01:00:40]} {[%emt 00:02:04]}
Qxb2+ 49. Kd1 {[%clk 01:00:40]} Qa1+ 50. Qb1 {[%clk 01:00:40]} Qxb1# 0-1